• 首页
  • 本馆介绍
  • 公告通知
  • 最新文献
  • 馆藏检索
  • 电子资源
  • 读者导购
  • 参考咨询
  • 我的图书馆
  • 登录
  • 详细信息显示
  • 放入我的书架
  • 预约/预借图书
  • 作者相关作品
  • 分类相关作品
  • 丛书相关作品
  • 出版社相关作品

书目信息

  • 表格格式
  • 工作单格式
  • 卡片格式
题名:
从体系到方法
    
 
作者: 石章强 著
分册:  
出版信息: 北京   中国农业出版社  2005
页数: 320页
开本: 24cm
丛书名: 中国营销与策划精英论坛
单 册:
中图分类: F723.0
科图分类:
主题词: 市场营销学--研究--中国 , 市场营销学
电子资源:
ISBN: 7-109-10060-X
000 00852oam2 2200265 450
001 012007301014
005 20070605141640.25
010    @a7-109-10060-X@dCNY38.00
100    @a20070601d2005 km y0chiy0120 ea
101 0  @achi
102    @aCN@b110000
105    @aa z 000yy
106    @ar
200 1  @a从体系到方法@Acong ti xi dao fang fa@f石章强著@Fshi zhang qiang zhu
210    @a北京@c中国农业出版社@d2005
215    @a320页@c图@d24cm
225 2  @a中国营销与策划精英论坛
330    @a本书从行业分析、企业研究、营销与战略、营销与人力资源、营销与方法、营销与管理六大方面详细阐述了营销的体系、管理与方法。
461  0 @12001 @a中国营销与策划精英论坛
606 0  @a市场营销学@x研究@y中国
606 0  @a市场营销学
690    @aF723.0@v4
701  0 @a石章强@Ashi zhang qiang@4著
801  0 @aCN@bRULIN@c20070605
905    @dF723.0@e36@s8
    
    从体系到方法/石章强著.-北京:中国农业出版社,2005
    320页:图;24cm.-(中国营销与策划精英论坛)
    
    
    ISBN 7-109-10060-X:CNY38.00
    本书从行业分析、企业研究、营销与战略、营销与人力资源、营销与方法、营销与管理六大方面详细阐述了营销的体系、管理与方法。
●
相关链接 在E读中查询图书 在五车中查询图书 在当当中查询图书 在豆瓣中查询图书


正题名:从体系到方法     索取号:F723.0/36         预约/预借

序号 登录号 条形码 馆藏地/架位号 状态 备注
1 0582066   205820664   第一样本阅览室/ [索取号:F723.0/36] 在馆    
2 0582067   205820673   密集书库/ [索取号:F723.0/36] 在馆    
3 0582068   205820682   密集书库/ [索取号:F723.0/36] 在馆    
4 0582069   205820691   密集书库/ [索取号:F723.0/36] 在馆    
5 0582070   205820708   第一借阅区/ [索取号:F723.0/36] 在馆    
6 0582071   205820717   第一借阅区/ [索取号:F723.0/36] 在馆    
7 0582072   205820726   第一借阅区/ [索取号:F723.0/36] 在馆    
8 0582073   205820735   第一借阅区/ [索取号:F723.0/36] 在馆    
唐山师范学院图书馆 欢迎您!
大连网信软件有限公司© 版权所有